00325nam a2200121Ia 4500008004100000041000800041082001700049100001700066245004500083260003700128300003100165365000700196240624s9999 xx 000 0 und d aeng a658.4038 MAT aMATTISON ROB aWEB WAREHOUSING AND KNOWLEDGE MANAGEMENT c1999aNew DelhibTata McGrawhill axxv, : 576 : p. : cm. ; 24 cRS